Marine steam boilers (Record no. 11871)

000 -LEADER
fixed length control field 00398nam a22001577a 4500
008 - FIXED-LENGTH DATA ELEMENTS--GENERAL INFORMATION
fixed length control field 210113b ||||| |||| 00| 0 eng d
082 00 - DEWEY DECIMAL CLASSIFICATION NUMBER
Classification number 623.873
Item number M6621
100 ## - MAIN ENTRY--PERSONAL NAME
9 (RLIN) 1939
Personal name Milton, J. H.
245 10 - TITLE STATEMENT
Title Marine steam boilers
250 ## - EDITION STATEMENT
Edition statement 2nd ed.
260 ## - PUBLICATION, DISTRIBUTION, ETC. (IMPRINT)
Place of publication, distribution, etc London
Name of publisher, distributor, etc George Newnes Ltd
Date of publication, distribution, etc 1961
300 ## - PHYSICAL DESCRIPTION
Extent 343 p.
365 ## - TRADE PRICE
Unit of pricing 40.50
650 #0 - SUBJECT ADDED ENTRY--TOPICAL TERM
Topical term or geographic name as entry element Steam Boilers
942 ## - ADDED ENTRY ELEMENTS (KOHA)
Item type Books
Holdings
Withdrawn status Lost status Source of classification or shelving scheme Damaged status Not for loan Permanent location Current location Date acquired Source of acquisition Full call number Barcode Date last seen Koha item type
          IMU Kolkata IMU Kolkata 1968-02-15 Das Gupta & Co 623.873 M6621 03198 2021-01-13 Books
Designed and Maintained by IMU-KC Library, Kolkata Campus © Copyright All Rights Reserved

webs counters

Powered by Koha